=LDR 00000nam 2200000 4500 =001 INLIS000000000061554 =005 20221027010918 =035 ##$$a 0010-1022000295 =007 ta =008 221027###########################0#ind## =020 ##$$a 978-602-6758-30-9 =082 ##$$a 372.7 =084 ##$$a 372.7 Top t =245 ##$$a Top Sukses Ulangan SD / MI Kelas 2 =260 ##$$a yogyakarta :$b Buku Edukasi,$c 2016 =300 ##$$a 417 halaman : $b ilustrasi ; $c 26 Cm =650 #4$$a Pendidikan Dasar - Ujian, Soal =990 ##$$a 18071807